| 000 | 00765nam a22002057a 4500 | ||
|---|---|---|---|
| 999 |
_c19077 _d19077 |
||
| 008 | 240212b ||||| |||| 00| 0 eng d | ||
| 020 | _a9781774690901 | ||
| 082 |
_22022 _aDC 418.007 _bB239 |
||
| 100 |
_aBarjesteh, Hamed. _952149 |
||
| 245 |
_aTrends in second language acquisition / _cHamed Bejesteh and three others. |
||
| 260 |
_aCanada : _bSociety Publishing, _c©2022. |
||
| 300 |
_axxv, 276 pages : _bcolor illustrations ; _c24 cm. |
||
| 500 | _aIncludes bibliography and index. | ||
| 650 |
_aSecond language acquisition. _952270 |
||
| 650 |
_aLanguage acquisition. _952271 |
||
| 700 |
_aArdestani, Elham Movafagh. _eauthor. _952150 |
||
| 700 |
_aManoochehrzadeh, Mehdi. _eauthor. _952151 |
||
| 700 |
_aHedarzadi, Mohamad. _eauthor. _952152 |
||
| 942 |
_2ddc _cDC |
||